| 000 | 00780nas a2200241 4500 | ||
|---|---|---|---|
| 001 | BR8304032 | ||
| 003 | BR-BrBNA | ||
| 005 | 20231205085634.0 | ||
| 007 | ta | ||
| 008 | 230509b bl.|||p| |||| 00| 00por d | ||
| 040 |
_aBR-BrBNA _bpor _cBiblioteca Nacional de Agricultura |
||
| 041 | _a(Pt) | ||
| 072 | _aM10 | ||
| 100 | 1 | _aFontenele, O. | |
| 100 | 1 | _aDuarte, E.A. | |
| 245 | 1 | _aResultado da pesca comercial no acude Francisco Saboia, ex-Poco da Cruz (Ibimirim, Pernambuco, Brasil) | |
| 650 | _aPEIXE | ||
| 650 | _aPESCA | ||
| 650 | _aPERNAMBUCO | ||
| 773 | 0 |
_tBoletim Tecnico - Departamento Nacional de Obras Contra as Secas (Brazil) _xISSN 0374-6658 _g(Jul-Dec 1983), v. 41(2) p. 187-200 _wBR8304032 |
|
| 909 |
_a202311 _bLúcia _c55 _dLúcia Elande |
||
| 942 |
_2AGRIS _n0 _cANA |
||
| 999 |
_c112718 _d112718 |
||